Within reasons (Record no. 70172)

MARC details
000 -LEADER
fixed length control field 01258cam a2200217 4500
001 - CONTROL NUMBER
control field ABS65362
008 - FIXED-LENGTH DATA ELEMENTS--GENERAL INFORMATION
fixed length control field 020507n2002 000 0 eng u
035 ## - SYSTEM CONTROL NUMBER
System control number (Sirsi) u117845
100 ## - MAIN ENTRY--PERSONAL NAME
Personal name Redmond, J
245 ## - TITLE STATEMENT
Title Within reasons
260 ## - PUBLICATION, DISTRIBUTION, ETC.
Date of publication, distribution, etc. 2002
490 ## - SERIES STATEMENT
Series statement Building
Volume/sequential designation 267(8229) 12 April 2002, 47(1)
520 ## - SUMMARY, ETC.
Summary, etc. Questions if, when adjudicator's decision comprises several conclusions, they all count as binding decisions, or are they reasons. Adjudicator urged to consider carefully if notice of adjudication lists number of disputed matters, whether there is one dispute of several, and if they have jurisdiction over them all. One dispute with different facets should have only one decision, and remainder are reasons. If several disputes, and rules permit, several decisions can be binding until revisited in arbitration or litigation.
590 ## - LOCAL NOTE (RLIN)
Local note ABS
650 ## - SUBJECT ADDED ENTRY--TOPICAL TERM
Topical term or geographic name entry element MANAGEMENT-DISPUTE AVOIDANCE, MANAGEMENT AND RESOLUTION-DISPUTE MANAGEMENT AND RESOLUTION-ALTERNATIVE DISPUTE RESOLUTION-ADJUDICATION
650 ## - SUBJECT ADDED ENTRY--TOPICAL TERM
Topical term or geographic name entry element BARR LTD V LAW MINING LTD
650 ## - SUBJECT ADDED ENTRY--TOPICAL TERM
Topical term or geographic name entry element MCLEAN V SWANSEA
650 ## - SUBJECT ADDED ENTRY--TOPICAL TERM
Topical term or geographic name entry element SCHEME FOR CONSTRUCTION CONTRACTS
690 ## - LOCAL SUBJECT ADDED ENTRY--TOPICAL TERM (OCLC, RLIN)
Topical term or geographic name as entry element MANGEMENT-DISPUTE AVOIDANCE, MANAGEMENT AND RESOLUTION-DISPUTE MANAGEMENT AND RESOLUTION
942 ## - ADDED ENTRY ELEMENTS (KOHA)
Suppress in OPAC 0
Holdings
Withdrawn status Lost status Source of classification or shelving scheme Damaged status Not for loan Home library Current library Shelving location Date acquired Total Checkouts Full call number Barcode Date last seen Copy number Price effective from Koha item type
    Dewey Decimal Classification     London London Journal article 07/05/2002   ABS65362 117845-1001 06/08/2019 1 06/08/2019 Journal article